000 01093nam a2200289 i 4500
003 DO-SdBNP
005 20250403085138.0
007 ta
008 250403b2024 dr ||||| |||| 00| 0 spa d
020 _a9789945510683
040 _aDO-SdBNP
_bspa
_cBNPHU
_erda
082 4 _axxx
_bG216a
_222
100 _aGarcía Zorilla, Franz Manuel,
_eautor
_4aut.
_987318
245 1 3 _aEl aire del olvido /
_cFranz Manuel García Zorilla ; corrección, María del Carmen Vicente, Apolinar Liz Rodríguez
264 4 _aSanto Domingo :
_bMinisterio de Cultura
_bEditora Nacional,
_c©2024.
300 _a328 páginas ;
_c21 cm.
336 _atexto
_btxt
_2rdacontent
337 _asin mediación
_bn
_2rdamedia
338 _avolumen
_bnc
_2rdacarrier
500 _aIncluye datos biográficos del autor en la solapa de la cubierta
586 _aPremio Anual de Novela Manuel de Jesús Galván
590 _aInventariado, 2025/BT
700 1 _aVicente, María del Carmen,
_ecorrector
_4corr.
_957201
700 1 _aRodríguez, Apolinar Liz,
_ecorrector
_4corr.
_987319
910 _aBtavárez
942 _2ddc
_cLBS1
999 _c58582
_d58582